Statistics for managers using Microsoft Excel / (Record no. 5347)

MARC details
000 -LEADER
fixed length control field 00758cam a22002292 4500
001 - CONTROL NUMBER
control field 0000001631
005 - DATE AND TIME OF LATEST TRANSACTION
control field 20151217151822.0
008 - FIXED-LENGTH DATA ELEMENTS--GENERAL INFORMATION
fixed length control field 070320s xx 000 0 eng d
020 ## - INTERNATIONAL STANDARD BOOK NUMBER
International Standard Book Number 0136106196 :
040 ## - CATALOGING SOURCE
Original cataloging agency KABU
Transcribing agency KABU
050 #0 - LIBRARY OF CONGRESS CALL NUMBER
Classification number HD30.215
Item number .L48
100 1# - MAIN ENTRY--PERSONAL NAME
Personal name Levine, David M.
-- 0000150536
245 10 - TITLE STATEMENT
Title Statistics for managers using Microsoft Excel /
Statement of responsibility, etc. David M, Levine, Mark L. Berenson, David Stephan.
260 ## - PUBLICATION, DISTRIBUTION, ETC. (IMPRINT)
Place of publication, distribution, etc. Upper Saddle River, NJ. :
Name of publisher, distributor, etc. Prentice Hall,
Date of publication, distribution, etc. 1997.
300 ## - PHYSICAL DESCRIPTION
Extent xxviii, 716, [32] p.
650 #0 - SUBJECT ADDED ENTRY--TOPICAL TERM
Topical term or geographic name as entry element Management
General subdivision Statistical methods.
-- 0000150531
700 1# - ADDED ENTRY--PERSONAL NAME
Personal name Berenson, M. L.
-- 0000150537
700 1# - ADDED ENTRY--PERSONAL NAME
Personal name Stephen, David.
-- 0000150538
908 ## - PUT COMMAND PARAMETER (RLIN)
Put command parameter 070320
950 ## - LOCAL HOLDINGS (RLIN)
-- 1
Holdings
Withdrawn status Lost status Source of classification or shelving scheme Not for loan Home library Current library Date acquired Total Checkouts Full call number Barcode Date last seen Price effective from Koha item type
    Library of Congress Classification   Kabarak, Main Campus Kabarak, Main Campus 17/12/2015   HD30.215 .L48 002498 02/08/2024 17/12/2015 General Collection
Designed with assistance from East African Informatics Ltd